Surface management status : 1:100 000-scale metric topographic map of Vancouver, Washington-Oregon : 30X60 minute series (topographic), 1979 /

Bibliographic Details
Corporate Author: United States. Bureau of Land Management
Format: Government Document Map
Language:English
Published: Reston, Va. : The Bureau : 1985.
Edition:BLM ed.--1984.
Subjects:

MARC

Tag First Indicator Second Indicator Subfields
LEADER 00000cem a2200000 a 4500
001 in00000858607
005 20151019070515.0
007 aj canzn
008 850720s1985 dcuag bh b f 0 eng d
010 |a gp 85023291  
034 1 |a a  |b 100000  |d W1230000  |e W1220000  |f N0460000  |g N0453000 
035 |a (OCoLC)12303467 
035 |9 AED3578AM 
040 |a GPO  |c GPO  |d UtOrBLW 
052 |a 4291 
052 |a 4281 
074 |a 619-G-16 
086 0 |a I 53.11/4:45122-E 1-TM-100 
090 |a G3701.G5 s100  |b .U5 Vancouver WA-OR (S) 
110 1 |a United States.  |b Bureau of Land Management. 
245 1 0 |a Surface management status :  |b 1:100 000-scale metric topographic map of Vancouver, Washington-Oregon : 30X60 minute series (topographic), 1979 /  |c edited and published by the Bureau of Land Management. 
250 |a BLM ed.--1984. 
255 |a Scale 1:100 000 ;  |b universal transverse Mercator proj.  |c (W 12300ʹ--W 12200ʹ/N 4600ʹ--N 4530ʹ). 
264 1 |a Reston, Va. :  |b The Bureau :  |c 1985. 
264 2 |a Reston, Va. :  |b For sale by the USGS, 
300 |a 1 map :  |b color ;  |c 56 x 78 cm. 
336 |a cartographic image  |b cri  |2 rdacontent 
337 |a unmediated  |b n  |2 rdamedia 
338 |a sheet  |b nb  |2 rdacarrier 
500 |a Relief shown by contours and spot heights. 
500 |a Includes index to adjoining maps. 
500 |a Cartographic material. 
650 0 |a Land use, Rural  |z Oregon  |x Maps. 
650 0 |a Land use, Rural  |z Washington (State)  |x Maps. 
651 0 |a Oregon  |v Maps. 
651 0 |a Washington (State)  |x Maps. 
740 0 |a Vancouver, Washington-Oregon, surface management status. 
999 |a MARS 
999 f f |s c3203145-466f-3529-a1bc-5f174fdef321  |i 96640ab3-7bea-3ef5-bf4f-eb455e7cd04f  |t 0 
952 f f |p normal  |a Texas A&M University  |b College Station  |c Sterling C. Evans Library  |d Evans: Maps (2nd floor)  |t 0  |e G3701.G5 s100 .U5 Vancouver WA-OR (S)  |h Library of Congress classification  |i unmediated -- sheet  |m A14818147041 
998 f f |a G3701.G5 s100 .U5 Vancouver WA-OR (S)  |t 0  |l Evans: Maps (2nd floor)